Hormigón: un estudio sobre medida y control de su permeabilidad
Guardat en:
| Autor corporatiu: | |
|---|---|
| Format: | Llibre |
| Idioma: | espanyol |
| Publicat: |
Madrid
MOPT
1989
|
| Edició: | 2a. ed |
| Col·lecció: | Tecnología carreteras, 32
|
| Matèries: | |
| Etiquetes: |
Afegir etiqueta
Sense etiquetes, Sigues el primer a etiquetar aquest registre!
|
MARC
| LEADER | 00000nam a2200000 a 4500 | ||
|---|---|---|---|
| 001 | UCX9067 | ||
| 003 | CL-VaPUC | ||
| 008 | 940513e19890000SP |||||||||||||||||spa|d | ||
| 082 | 0 | 4 | |a 624.183 |b MIN |2 21 |
| 110 | 2 | |a Ministerio de Obras Públicas y Transportes |e author |9 326342 | |
| 245 | 1 | 0 | |a Hormigón: un estudio sobre medida y control de su permeabilidad |
| 250 | |a 2a. ed | ||
| 300 | |a 113 p | ||
| 942 | |c BK | ||
| 945 | |d 19940513 00:00:00 |a mfernand | ||
| 260 | |a Madrid |b MOPT |c 1989 | ||
| 650 | 0 | |a Hormigones |9 262546 | |
| 650 | 7 | |a PERMEABILIDAD |2 CL-VaPUC |9 262772 | |
| 583 | |a last modification |c 20160921 10:05:21 |k Rodrigo Vera | ||
| 490 | 0 | |a Tecnología carreteras, 32 | |
| 999 | |c 228401 |d 228399 | ||
| 952 | |0 0 |1 0 |4 0 |6 624_183000000000000_MIN_1989 |7 0 |8 A |9 228410 |a BIBING |b BIBING |d 2019-11-15 |i 2971720 |o 624.183 MIN 1989 |p 2971720 |r 2025-01-20 |w 2019-11-15 |y BK |k CCL | ||
| 952 | |0 0 |1 0 |4 0 |6 624_183000000000000_MIN_1989 |7 0 |8 A |9 228411 |a BIBING |b BIBING |d 2019-11-15 |i 3033058 |o 624.183 MIN 1989 |p 3033058 |r 2025-01-20 |w 2019-11-15 |y BK |k CCL | ||